Modelování poptávky

Postupy pri modelovaní dopytu v prípadoch zavedenia nových produktov, kedy nie sú známe dlhé rady historických dát, ktoré vychádzajú z teórie a používajú matematické modely s kalibrovanými parametrami.

Na minha lista:
Detalhes bibliográficos
Autor principal: Fiala, Petr
Formato: Capítulo de Livro
Idioma:tcheco
Assuntos:
Tags: Adicionar Tag
Sem tags, seja o primeiro a adicionar uma tag!

MARC

LEADER 00000nla a2200000 4500
001 0204209
005 20240417075058.1
041 0 |a cze 
044 |a SK 
245 1 0 |a Modelování poptávky  |c Petr Fiala 
520 |a Postupy pri modelovaní dopytu v prípadoch zavedenia nových produktov, kedy nie sú známe dlhé rady historických dát, ktoré vychádzajú z teórie a používajú matematické modely s kalibrovanými parametrami. 
610 2 0 |a teória modelov ekonomicko-matematických 
610 2 0 |a modely regresné 
610 2 0 |a funkcie dopytové ekonometrické 
610 2 0 |a modely dopytu 
610 2 0 |a rady časové 
100 1 |a Fiala, Petr